| 000 | 00463pam a2200169 a 4500 | ||
|---|---|---|---|
| 020 | _a0070632596 (recycled, acidfree paper) | ||
| 040 | _cDLC | ||
| 082 | 0 | 0 | _a616 MCG 1995 A046 Or. |
| 100 | 1 | _aTaylor, Shelley E. | |
| 245 | 1 | 0 | _aHealth psychology / |
| 250 | _a3rd ed. | ||
| 260 |
_aNew York : _bMcGraw-Hill, _cc1995. |
||
| 300 |
_axvii, 781 p. : _bill. ; _c25 cm. |
||
| 650 | 0 | _aClinical health psychology. | |
| 650 | 0 | _aMedicine, Psychosomatic. | |
| 942 | _cEK | ||
| 999 |
_c13656 _d13656 |
||